000 00712nam a2200217 a 4500
001 000048124
005 20260224100502.0
008 181119s2015 dr a 000 0 spa d
020 _a9789945167078
040 _aDO-SdBNP
_bspa
_cBNPHU
082 _a649.1
_bO96de
100 1 _aOvalle, Lucía
_921368
245 1 0 _aDesarrolle su potencial de padre y madre :
_bpautas para criar mejores hijos e hijas /
_cLucía Ovalle.
260 _aSanto Domingo :
_bBúho,
_c2015.
_bil.
300 _av. : ;
_c21 cm.
500 _aLa biblioteca posee el v. 2
590 _aInventariado, 2018/LP
650 4 _aPaternidad (psicología)
_xEnseñanza
_922240
650 4 _aPadres e hijos
_9796
650 0 _aCrianza de niños
_94212
999 _c47612
_d47612